000 00422pab a2200145 454500
008 180718b1986 xxu||||| |||| 00| 0 eng d
100 _aPatil, V.T.
245 _aBureaucracy in a developing society like India
_bIts adequacies and limitations
260 _c1986
300 _a98-107
650 _aBureaucracy - India
700 _aK.P. Singh
773 _aJournal of Karnataka University (Social Sciences)
909 _a4990
999 _c4990
_d4990